SISTEMA DE BIBLIOTECAS
Carmen Mendoza De Cornielle

Analisis de situacion y respuesta nacional a las ITS, el VIH y el SIDA : (Registro nro. 15869)

Detalles MARC
000 -CABECERA
campo de control de longitud fija 01663cam a2200301 i 4500
001 - NÚMERO DE CONTROL
campo de control 15869
003 - IDENTIFICADOR DEL NÚMERO DE CONTROL
campo de control DO-SdUEMH
005 - FECHA Y HORA DE LA ÚLTIMA TRANSACCIÓN
campo de control 20260302233827.0
007 - CAMPO FIJO DE DESCRIPCIÓN FÍSICA--INFORMACIÓN GENERAL
campo de control de longitud fija ta
008 - DATOS DE LONGITUD FIJA--INFORMACIÓN GENERAL
campo de control de longitud fija 211105s2007 dr a|||gr|||||0|0 ||spa|d
040 ## - FUENTE DE LA CATALOGACIÓN
Centro catalogador/agencia de origen DO-SdUEMH
Lengua de catalogación spa
Normas de descripción rda
041 ## - CÓDIGO DE LENGUA
Código de lengua del texto/banda sonora o título independiente spa
082 ## - NÚMERO DE LA CLASIFICACIÓN DECIMAL DEWEY
Colección Colección Dominicana
Número de clasificación 362.1969792
Número de documento/Ítem R426a
110 1# - ENTRADA PRINCIPAL--NOMBRE DE ENTIDAD CORPORATIVA
Nombre de entidad corporativa o nombre de jurisdicción como elemento de entrada República Dominicana.
Unidad subordinada Consejo Presidencial del SIDA
9 (RLIN) 3522
245 10 - MENCIÓN DE TÍTULO
Título Analisis de situacion y respuesta nacional a las ITS, el VIH y el SIDA :
Resto del título República Dominicana, 2007 /
Mención de responsabilidad, etc. Consejo Presidencial del SIDA (COPRESIDA)
264 #1 - PRODUCCIÓN, PUBLICACIÓN, DISTRIBUCIÓN, FABRICACIÓN Y COPYRIGHT
Lugar de producción, publicación, distribución, fabricación Santo Domingo, República Dominicana :
Nombre del de productor, editor, distribuidor, fabricante Consejo Presidencial del SIDA (COPRESIDA),
Fecha de producción, publicación, distribución, fabricación o copyright 2007
300 ## - DESCRIPCIÓN FÍSICA
Extensión 144 páginas :
Otras características físicas ilustraciones ;
Dimensiones 23 cm
336 ## - TIPO DE CONTENIDO
Fuente rdacontent
Término de tipo de contenido texto
Código de tipo de contenido txt
337 ## - TIPO DE MEDIO
Fuente rdamedia
Nombre del tipo de medio sin mediación
Código del tipo de medio n
338 ## - TIPO DE SOPORTE
Fuente rdacarrier
Nombre del tipo de soporte volumen
Código del tipo de soporte nc
490 0# - MENCIÓN DE SERIE
Mención de serie Plan Estratégico Nacional (PEN) para la Prevención y el Control de las ITS, VIH y SIDA 2007-2015 ;
Designación de volumen o secuencia 1
500 ## - NOTA GENERAL
Nota general Realizado con el apoyo del Programa Respuesta Nacional frente al VIH/SIDA (Donación No. DMR-202-GO1H-00) y The Global Fund.
504 ## - NOTA DE BIBLIOGRAFÍA, ETC.
Nota de bibliografía, etc. Bibliografía en páginas 142-144.
505 2# - NOTA DE CONTENIDO CON FORMATO
Nota de contenido con formato Introducción -- Contexto nacional y la respuesta a las ITS, el VIH y el SIDA -- Contexto internacional -- Panorama epidemiológico de las ITS, el VIH y el SIDA en R.D. -- Marco legal para las respuestas nacional al VIH/SIDA -- Análisis de la respuesta al VIH y al SIDA -- Percepción del estado de situación y respuesta ante la epidemia del VIH y SIDA
650 #7 - PUNTO DE ACCESO ADICIONAL DE MATERIA--TÉRMINO DE MATERIA
Término de materia o nombre geográfico como elemento de entrada SIDA
Subdivisión geográfica República Dominicana
9 (RLIN) 3523
650 #4 - PUNTO DE ACCESO ADICIONAL DE MATERIA--TÉRMINO DE MATERIA
Término de materia o nombre geográfico como elemento de entrada Enfermedades de transmisión sexual
Subdivisión geográfica República Dominicana
Subdivisión general Prevención
9 (RLIN) 2711
942 ## - ELEMENTOS DE PUNTO DE ACCESO ADICIONAL (KOHA)
Fuente del sistema de clasificación o colocación Dewey Decimal Classification
Tipo de ítem Koha Libro
Suprimir en OPAC No
Existencias
Estado de retiro Estado de pérdida Estado dañado Disponibilidad para préstamo Localización permanente Ubicación/localización actual Fecha de adquisición Total de préstamos Código de barras Fecha visto por última vez Precio válido a partir de Tipo de ítem Koha Fuente del sistema de clasificación o colocación Código de colección Ubicación en estantería Fuente de adquisición Signatura topográfica completa Número de copia
      Disponible para préstamo UNIREMHOS SEDE UNIREMHOS SEDE 11/05/2021   UNIREMHOS-SED553 11/05/2021 11/05/2021 Libro            
      Disponible para préstamo UNIREMHOS SEDE UNIREMHOS SEDE 08/25/2025   1400070 08/25/2025 08/25/2025 Libro Dewey Decimal Classification Colección Dominicana Colección Dominicana Donación RD 362.1969792 R426a ej. 1
UNIREMHOS

Av. Abraham Lincoln no. 126, casi esq. José Contreras,
Santo Domingo, República Dominicana

Correo: info@uniremhos.edu.do

Tel.: (809) 532-3739

Horario: Lunes a Viernes: 8:00 am - 6:00 pm | Sábados: 8:00 am - 12:00 m

📍 Ubicación
UNEFA

Av. 27 de Febrero no. 52, El Vergel,
Santo Domingo, República Dominicana

Tel.: (809) 530-0224

📍 Ubicación
UFHEC

Av. Máximo Gómez esq. César Nicolás Penson, La Esperilla,
Santo Domingo, República Dominicana

Tel.: (809) 537-6000

📍 Ubicación